000 00201 a2200097 4500
020 _a9780983321507
041 _aspa
100 _aWendy Abarca
245 _aLos Animales son unicos como tu
942 _cBK
999 _c28727
_d28727